[Event "Ambalangoda Dhamso op 6th"]
[Site "Ambalangoda"]
[Date "2016.04.29"]
[Round "1"]
[White "Vasant, D Patil"]
[Black "Priyankara, Chamil Y"]
[Result "0-1"]
[WhiteElo "1499"]
[BlackElo "2019"]
[PlyCount "72"]
[EventDate "2016.04.29"]
[EventType "swiss"]
[EventRounds "9"]
[EventCountry "SRI"]
[SourceTitle "EXT 2017"]
[Source "ChessBase"]
[SourceDate "2016.10.25"]
[SourceVersion "1"]
[SourceVersionDate "2016.10.25"]
[SourceQuality "1"]

1. e4 c5 2. Nf3 d6 3. Bc4 Nf6 4. e5 dxe5 5. Nxe5 e6 6. Bb5+ Nbd7 7. Bxd7+ Nxd7 8. Nxd7 Bxd7 9. 0-0 Bc6 10. f3 Bd6 11. h3 Qh4 12. Qe1 Qf4 13. g3 Qxg3+ 14. Qxg3 Bxg3 15. d3 Be5 16. Re1 Bd4+ 17. Kf1 Bxf3 18. c3 Bf6 19. Be3 b6 20. d4 cxd4 21. cxd4 0-0-0 22. Kf2 Bh5 23. Rc1+ Kb7 24. Rc4 Rc8 25. Rxc8 Rxc8 26. Nc3 Rc4 27. Nb5 Rc2+ 28. Ke1 Re2+ 29. Kf1 Rxe3 30. Re1 Rxe1+ 31. Kxe1 a6 32. Nd6+ Kc6 33. Ne4 Bxd4 34. Ng3 Bxb2 35. Nxh5 Be5 36. Nxg7 Bxg7 0-1